000 00666nam a22001815i 4500
001 163645
003 ES-MaACL
005 20230906212800.0
008 050719s1878 fr a | |||||||| ||fre d
040 _aCAM
_bspa
_cCAM
100 1 _aRobida, Albert.
_9131892
245 1 4 _aLes vieilles villes d'Italie
_b: notes et souvernirs /
_cA. Robida; ouvrage illustré de 102 dessins a la plume par A. Robida.
260 _aParis :
_bMaurice Dreyfous éditeur,
_c1878 (
_eCorbeil :
_fTyp. et stér. de Crété)
300 _a288 p. :
_bil. ;
_c26 cm.
651 _aItalia-
_xDescripción.
_98861
752 _aFrancia -
_dParís
852 _aES-MaACL
_jG-6373
_z-- Enc. hol.
999 _c163645
_d163645